[Event "Guimaraes Open 2019"]
[Site "Guimaraes"]
[Date "2019.08.28"]
[Round "1.12"]
[White "Rodrigues, Afonso"]
[Black "Chueca Forcen, Alberto"]
[Result "0-1"]
[WhiteElo "2134"]
[BlackElo "2355"]
[Annotator "TA"]
[PlyCount "22"]
[EventDate "2019.08.28"]
[EventType "swiss"]
[EventCountry "POR"]
[SourceTitle "playchess.com"]
[Source "ChessBase"]
[SourceQuality "1"]

{[%evp 9,48,-48,-63,-79,-93,-110,-117,-125,-94,-157,-152,-375,-389,-466,-465,-451,-454,-450,-437,-497,-515,-466,-453,-542,-543,-541,-544,-551,-542,-528,-528,-496,-304,-622,-644,-1043,-1040,-1162,-1031,-1025,-551]} 1. d4 d5 2. Bf4 c5 3. e4 dxe4 4. d5 Nf6 5. Nc3 g6 6. h3 $146 {D00: 1 d4 d5: Unusual lines} ({Predecessor:} 6. Nb5 Na6 7. d6 Be6 8. c3 Bg7 9. dxe7 Qxd1+ 10. Rxd1 Kxe7 {½-½ (94) Bauer,C (2647)-Postny,E (2630) Nancy 2019}) 6... Bg7 7. g4 O-O 8. Bg2 {Black is better.} Nbd7 {[%cal Bb8d7,Bd7b6,Bb6c4][%mdl 32]} 9. Qd2 (9. d6 $142) 9... Nb6 10. O-O-O $2 (10. Rd1 $17) 10... Nc4 $19 11. Qe2 {[#]} b5 {Played: Nc4xb2} 0-1

[Event "Guimaraes Open 2019"]
[Site "Guimaraes"]
[Date "2019.08.28"]
[Round "1.13"]
[White "Martin Duque, Jesus"]
[Black "Bukhteeva, Viktoria"]
[Result "1-0"]
[WhiteElo "2353"]
[BlackElo "2128"]
[Annotator "TA"]
[PlyCount "77"]
[EventDate "2019.08.28"]
[EventType "swiss"]
[EventCountry "POR"]
[SourceTitle "playchess.com"]
[Source "ChessBase"]
[SourceQuality "1"]

{[%evp 11,77,36,40,35,40,31,49,56,52,45,36,35,44,48,48,44,81,82,85,87,89,86,131,118,241,248,237,181,567,179,178,100,100,103,121,100,103,95,122,96,122,121,112,104,139,84,100,92,118,122,159,157,155,147,327,339,323,312,421,406,430,410,435,397,471,464,575,437]} 1. e4 d5 2. exd5 Nf6 3. d4 Bg4 4. Be2 Bxe2 5. Qxe2 Qxd5 6. Nf3 Nc6 7. c3 {B01: Scandinavian Defence} (7. Nc3 Qh5 8. Bg5 Nxd4 9. Nxd4 Qxg5 10. h4 Qh5 11. f3 O-O-O 12. O-O-O e6 13. g4 Qa5 14. Nb3 Rxd1+ 15. Rxd1 {0-1 (59) Svidler,P (2650)-Shirov,A (2685) Tilburg 1996}) 7... O-O-O 8. O-O Qh5 9. Re1 $146 {White is slightly better.} ({Predecessor:} 9. Na3 e6 10. Nc4 Rg8 11. Nce5 Nxe5 12. dxe5 Nd7 13. Re1 g5 14. b4 Nb6 {½-½ (41) Leconte,M (2208)-Maisuradze,N (2280) Agen 2017}) 9... e6 10. Nbd2 g5 11. Nc4 {Hoping for Nfe5.} g4 12. Nfe5 Nxe5 13. Qxe5 Qg6 14. Qg5 $1 {aiming for Ne5.} Nd7 15. Qa5 $1 $36 {[%mdl 2048] White has strong initiative.} Kb8 16. Bf4 Rc8 17. Qb5 Nb6 (17... Rd8 $16 18. Bg3 Qh6) 18. Nxb6 $18 axb6 {[#]} 19. a4 $1 {[%cal Ra4a5]} Rd8 $2 (19... Bd6) 20. Be5 $2 (20. a5 Bd6 21. axb6 Bxf4 22. Ra7) 20... Bg7 21. Bg3 ({Better is} 21. a5 $18 Bxe5 22. Rxe5 (22. axb6 Rd5 $11)) 21... Rd5 $16 22. Qxb6 Be5 23. Bxe5 Rxe5 24. Qb4 Rxe1+ 25. Rxe1 {[%mdl 4096] Endgame KQR-KQR} Qd3 26. a5 h5 27. Ra1 Qa6 {[#]} 28. Qc5 (28. g3 $142 $1) 28... h4 29. Qe5 Rg8 30. Qf6 h3 31. Qxf7 Rg5 {...Qc6 is the strong threat.} 32. Qf4 Rf5 $2 (32... Qc6 $16 {is a better defense.} 33. gxh3 Rf5 34. Qxg4 Qb5) 33. Qxg4 $18 hxg2 34. Re1 ({Less strong is} 34. Qxg2 Qb5 $16) 34... Qxa5 35. Qg8+ Ka7 36. Qxe6 {Threatens to win with b4.} Rg5 37. Qe3 Rg8 38. Qe5 Qa2 39. Qe6 {Accuracy: White = 74%, Black = 42%.} 1-0

[Event "Guimaraes Open 2019"]
[Site "Guimaraes"]
[Date "2019.08.28"]
[Round "1.14"]
[White "Fernandes, Miguel A. Murtinho"]
[Black "Veiga, Jose Francisco R P N"]
[Result "1-0"]
[WhiteElo "2108"]
[BlackElo "2346"]
[Annotator "RC"]
[PlyCount "83"]
[EventDate "2019.08.28"]
[EventType "swiss"]
[EventCountry "POR"]
[SourceTitle "playchess.com"]
[Source "ChessBase"]
[SourceQuality "1"]
[TimeControl "5400+30"]

1. d4 {[%emt 0:00:00]} Nf6 {[%emt 0:00:00]} 2. c4 {[%emt 0:00:00]} c5 {[%emt 0:00:37]} 3. d5 {[%emt 0:00:00]} e6 {[%emt 0:00:04]} 4. Nc3 {[%emt 0:00:00]} exd5 {[%emt 0:00:04]} 5. cxd5 {[%emt 0:00:04]} d6 {[%emt 0:00:06]} 6. Nf3 {[%emt 0:00:12]} g6 {[%emt 0:00:09]} 7. Nd2 {[%emt 0:00:10]} Nbd7 {[%emt 0:00:04]} 8. e4 {[%emt 0:00:30]} Bg7 {[%emt 0:00:04]} 9. Be2 {[%emt 0:00:48]} O-O {[%emt 0:00:06]} 10. O-O {[%emt 0:00:21]} Re8 {[%emt 0:00:07]} 11. Qc2 {[%emt 0:01:05]} Ne5 {[%emt 0:00:22]} 12. a4 {[%emt 0:02:25]} Bg4 {[%emt 0:00:21]} 13. Bxg4 {[%emt 0:05:05]} Nfxg4 {[%emt 0:09:27]} 14. h3 {[%emt 0:04:45]} Nh6 {[%emt 0:05:23]} 15. f4 {[%emt 0:02:11]} Nd7 {[%emt 0:01:11]} 16. Nf3 {[%emt 0:06:00]} f5 {[%emt 0:07:03]} 17. Ng5 {[%emt 0:05:52]} Nf8 {[%emt 0:04:00]} 18. Bd2 {[%emt 0:02:37]} fxe4 {[%emt 0:00:51]} 19. Ncxe4 {[%emt 0:04:58]} Nf5 {[%emt 0:13:32]} 20. Rae1 {[%emt 0:07:50]} Qb6 {[%emt 0:03:55]} 21. a5 {[%emt 0:18:53]} Qa6 {[%emt 0:02:29]} 22. Qa4 {[%emt 0:03:43]} b5 {[%emt 0:10:53]} 23. Qd1 {[%emt 0:03:53]} h6 24. g4 Ne7 {[%emt 0:07:27]} 25. f5 {[%emt 0:05:34]} Bd4+ {[%emt 0:07:27]} 26. Be3 {[%emt 0:02:06]} Nxd5 {[%emt 0:04:07]} 27. Bxd4 {[%emt 0:08:43]} hxg5 {[%emt 0:02:18]} 28. Bf6 {[%emt 0:00:36]} Qc6 {[%emt 0:00:27]} 29. Bxg5 {[%emt 0:06:50]} Nh7 {[%emt 0:05:25]} 30. Bh6 gxf5 {[%emt 0:00:33]} 31. Rxf5 {[%emt 0:02:22]} Re5 32. Qf3 {[%emt 0:01:47]} Rae8 {[%emt 0:06:15]} 33. Rf7 R5e7 {[%emt 0:02:00]} 34. Rxe7 {[%emt 0:00:43]} Rxe7 {[%emt 0:01:32]} 35. Nf6+ {[%emt 0:01:19]} Kh8 {[%emt 0:00:00]} 36. Rxe7 {[%emt 0:01:49]} Nxe7 {[%emt 0:00:02]} 37. Qe3 Nxf6 {[%emt 0:05:24]} 38. Qxe7 {[%emt 0:02:40]} Ne8 39. g5 d5 {[%emt 0:00:41]} 40. Qf7 {[%emt 0:01:59]} d4 {[%emt 0:02:34]} 41. g6 {[%emt 0:00:29]} Qe4 {[%emt 0:00:02]} 42. Qh7# 1-0

[Event "Guimaraes Open 2019"]
[Site "Guimaraes"]
[Date "2019.08.28"]
[Round "1.14"]
[White "Fernandes, Miguel A. Murtinho"]
[Black "Veiga, Jose Francisco R P N"]
[Result "*"]
[WhiteElo "2108"]
[BlackElo "2346"]
[Annotator "TA RC"]
[PlyCount "69"]
[EventDate "2019.08.28"]
[EventType "swiss"]
[EventCountry "POR"]
[SourceTitle "playchess.com"]
[Source "ChessBase"]
[SourceQuality "1"]

{[%evp 22,82,25,18,36,10,25,25,73,81,78,36,12,30,65,70,55,81,68,56,149,69,214,0,82,99,97,103,536,534,575,610,987,964,932,547,498,352,623,618,541,439,606,597,552,375,969,963,852,534,538,543,499,485,651,644,618,550,29993,29987,29995,29996,29999]} 1. d4 Nf6 2. c4 c5 3. d5 e6 4. Nc3 exd5 5. cxd5 d6 6. Nf3 g6 7. Nd2 Nbd7 8. e4 Bg7 9. Be2 O-O 10. O-O Re8 11. Qc2 Ne5 12. a4 Bg4 {A77: Modern Benoni: Classical: 9...Re8 10 Nd2: 10...a6 and 10...Nbd7} (12... Nh5 13. g3 Bh3 14. Re1 f5 15. Nf3 Nf7 16. Nh4 Bxc3 17. Qxc3 Rxe4 18. Bxh5 gxh5 19. Bd2 Qd7 20. Qf6 {½-½ (36) Halkias,S (2571)-Nikolaidis,I (2537) Athen 2018}) 13. Bxg4 Nfxg4 14. h3 Nh6 {White has an edge.} 15. f4 Nd7 $146 ({Predecessor:} 15... Neg4 16. Nf3 Bd4+ 17. Nxd4 cxd4 18. Nd1 Ne3 19. Nxe3 dxe3 20. Bxe3 {0-1 (100) Demeter,D (2064)-Munguntuul,B (2422) Douglas 2018}) 16. Nf3 f5 17. Ng5 Nf8 18. Bd2 fxe4 19. Ncxe4 Nf5 20. Rae1 Qb6 (20... h6 $14) 21. a5 (21. Bc3 $16) 21... Qa6 (21... Nd4 $14) 22. Qa4 $2 (22. Bc3 $18 {Bxg7 is the strong threat.} Nd4 23. Qd1) 22... b5 (22... h6 $11 {remains equal.} 23. Nf3 b5) 23. Qd1 $16 h6 24. g4 Ne7 $2 {[%mdl 8192]} (24... hxg5 $16 25. gxf5 gxf5) 25. f5 $18 Bd4+ 26. Be3 Nxd5 27. Bxd4 {[#] Hoping for f6.} hxg5 28. Bf6 Qc6 {Threatens to win with ...Rxe4!} 29. Bxg5 Nh7 $2 (29... Rxe4 30. Rxe4 Nc3 31. bxc3 Qxe4 32. Qxd6 gxf5 33. gxf5 Re8) 30. Bh6 gxf5 31. Rxf5 Re5 32. Qf3 Rae8 33. Rf7 {Threatening mate with Rg7+.} R5e7 $2 (33... R8e7 34. Rf1 Qe8 35. Nxd6 Rxf7 36. Qxf7+ Qxf7 37. Rxf7 Re7) 34. Rxe7 Rxe7 35. Qf5 {Played: Ne4-f6} *

[Event "Guimaraes Open 2019"]
[Site "Guimaraes"]
[Date "2019.08.28"]
[Round "1.15"]
[White "Ruperez Benito, Antonio"]
[Black "Gomez Peco, David"]
[Result "0-1"]
[WhiteElo "2331"]
[BlackElo "2104"]
[Annotator "TA"]
[PlyCount "58"]
[EventDate "2019.08.28"]
[EventType "swiss"]
[EventCountry "POR"]
[SourceTitle "playchess.com"]
[Source "ChessBase"]
[SourceQuality "1"]

{[%evp 16,58,1,-10,20,28,19,0,0,0,0,-17,-16,-29,-16,-4,19,10,10,20,33,14,10,28,12,13,25,11,19,-29,-14,-31,0,0,0,0,0,0,39,43,38,-220,-226,-1413,-1380]} 1. e4 c5 2. Nf3 Nc6 3. Bb5 e6 4. O-O Nge7 5. c3 a6 6. Be2 d5 7. exd5 Nxd5 8. d4 cxd4 9. Nxd4 Bd7 {B30: Sicilian: 2...Nc6 3 Bb5, lines without ...g6} 10. Bf3 Be7 11. Nf5 exf5 {The position is equal.} 12. Bxd5 O-O 13. Be3 Qc7 14. c4 Bd6 15. h3 Be5 16. Nc3 {[#]} Rfe8 $146 ({Predecessor:} 16... Ne7 17. Bd4 {1-0 (32) Kasimdzhanov,R (2674)-Bacrot,E (2653) Moscow 2002}) 17. Qb3 Rac8 18. Rad1 {Black should prevent Bb6.} Be6 19. Bb6 Qe7 20. Rfe1 {Bxc6 is the strong threat.} Qf6 21. Na4 h6 22. Rd2 (22. Bc5 {is more complex.} Na5 23. Qb4 Nxc4 24. Bxc4 Bxc4 25. Nb6) 22... Bxd5 23. cxd5 {Hoping for Rde2.} Bh2+ {[%mdl 64] [#] Discovered Attack} 24. Kxh2 Rxe1 25. dxc6 Rxc6 {Threatens to win with ...Rcc1.} 26. Bd4 Qe7 {aiming for ...Rcc1.} 27. Qg3 {[%csl Gd4][%cal Rg3g7]} Rg6 28. Qb8+ $2 {[%mdl 8192]} (28. Qf3 $14 {stays ahead.}) 28... Kh7 $19 {[%mdl 1024] Black has strong compensation.} 29. Nc3 $2 {[#]} (29. Nc5 Rc1 30. Be3 Rxc5 31. Bxc5) 29... Qg5 $1 {[%csl LRd2,LRg2][%mdl 576] Double Attack. Accuracy: White = 40%, Black = 53%.} 0-1

[Event "Guimaraes Open 2019"]
[Site "Guimaraes"]
[Date "2019.08.28"]
[Round "1.16"]
[White "Dias, Ivo Rodrigues"]
[Black "Sanchez Aller, Fernando"]
[Result "*"]
[WhiteElo "2100"]
[BlackElo "2331"]
[Annotator "TA"]
[PlyCount "27"]
[EventDate "2019.08.28"]
[EventType "swiss"]
[EventCountry "POR"]
[SourceTitle "playchess.com"]
[Source "ChessBase"]
[SourceQuality "1"]

{[%evp 16,27,0,0,0,0,0,-18,-10,-16,0,-6,0,-14]} 1. e4 e5 2. Nf3 Nc6 3. d4 exd4 4. Nxd4 Nf6 5. Nxc6 bxc6 6. Bd3 d5 7. exd5 cxd5 8. O-O Be7 9. Bf4 {The position is equal.} O-O {C45: Scotch Game} 10. Nc3 c5 (10... c6 11. Re1 Be6 12. Qd2 Re8 13. a3 c5 14. Bb5 Bd7 15. Bxd7 Qxd7 16. Be5 d4 17. Bxf6 Bxf6 18. Ne4 Be7 19. Qd3 Rac8 {1-0 (62) Siikaluoma,A (2544)-Ruemmele,M (2549) ICCF email 2014}) 11. Be5 Be6 $146 ({Predecessor:} 11... Ng4 12. Bg3 f5 13. Be2 Nf6 14. Bf3 Bb7 15. Bh4 Rb8 16. Bxf6 Bxf6 17. Nxd5 Bxb2 {½-½ (30) Atabayeva,G (2004)-Ghukasyan,S (2192) Poti 2017}) 12. Qf3 Ng4 13. Bg3 Bd6 14. Rfd1 *

[Event "Guimaraes Open 2019"]
[Site "Guimaraes"]
[Date "2019.08.29"]
[Round "1.17"]
[White "Camarena Jimenez, Rufino"]
[Black "Fidalgo, Daniel Neves"]
[Result "1/2-1/2"]
[WhiteElo "2317"]
[BlackElo "2089"]
[Annotator "TA"]
[PlyCount "129"]
[EventDate "2019.08.28"]
[EventType "swiss"]
[EventCountry "POR"]
[SourceTitle "playchess.com"]
[Source "ChessBase"]
[SourceQuality "1"]

{[%evp 14,129,8,7,42,21,66,79,65,72,62,58,89,75,75,73,78,72,79,108,93,79,87,83,81,56,46,4,0,0,0,0,0,-7,-13,-57,19,-8,-9,-15,0,0,0,0,5,5,5,5,5,5,77,62,71,71,68,72,59,55,93,79,86,82,173,87,85,70,85,65,71,75,45,31,63,45,70,31,31,30,46,46,46,46,46,40,35,8,8,8,8,8,8,8,8,8,8,8,8,8,8,0,0,0,0,-20,0,0,0,0,0,0,0,0,8,8,8,8,8,8]} 1. d4 Nf6 2. c4 g6 3. Nc3 d5 4. Bg5 Ne4 5. Bf4 Nxc3 6. bxc3 Bg7 7. e3 c5 8. Nf3 Qa5 {D80: Grünfeld: Unusual White 4th moves and 4 Bg5} (8... O-O 9. cxd5 Qxd5 10. Be2 cxd4 11. cxd4 Qa5+ 12. Qd2 Nc6 13. O-O Qxd2 14. Nxd2 e5 15. dxe5 Nxe5 16. Rab1 b6 17. Nc4 Nxc4 18. Bxc4 Bf5 19. Rbc1 Bb2 20. Rcd1 Rac8 21. Bb3 Rfd8 22. Bg5 Rxd1 23. Rxd1 Bc2 24. Bxc2 Rxc2 {½-½ (46) Lalith,B (2547)-Jones,G (2691) Caleta 2019}) 9. Qd2 O-O 10. cxd5 cxd4 {White is better.} 11. cxd4 ({Don't play} 11. Nxd4 Qxd5 12. Bg3 Rd8 $15) 11... Qxd5 12. Rc1 Bf5 13. Bc4 $146 ({Predecessor:} 13. Be2 Nc6 14. Rc5 Qd8 15. Qb2 Rc8 {1-0 (29) Olsar,J (2221)-Cernousek,L (2453) Czechia 2015}) 13... Qd8 14. O-O Nc6 15. d5 Na5 16. Be2 {[#] Bc7 is the strong threat.} b6 17. Rfd1 Rc8 18. Ne5 Rxc1 19. Qxc1 Qc8 20. g4 Bxe5 21. Qxc8 Rxc8 22. Bxe5 Bd7 $1 23. h3 f6 24. Bg3 Nc4 (24... Rc2 $15 25. Bf1 b5) 25. e4 Nd6 26. Bd3 g5 27. e5 fxe5 28. Bxe5 h6 29. Re1 Kf7 30. f4 Rc5 31. Rf1 {aiming for fxg5+.} Ke8 (31... Kg8 $11) 32. Bg6+ $16 Kd8 33. Bg7 Rxd5 34. Bxh6 gxf4 35. Bxf4 e5 36. Bg5+ Kc7 37. Re1 Bc6 {[#]} (37... Be6 $16 {is a better defense.}) 38. Kf2 (38. Bf6 $1 $18) 38... Ra5 39. Re2 Ra3 40. h4 Rf3+ 41. Ke1 Rg3 42. Rxe5 {Strongly threatening Re7+.} Rxg4 43. Re7+ Kb8 44. Rg7 (44. Bh5 $5 {[%cal Rh5g4]} Re4+ 45. Be2 $16) 44... Ne4 45. Bxe4 Bxe4 $14 {[%mdl 4096] Endgame KRB-KRB} 46. h5 Bb1 47. h6 Ra4 48. Kf2 Rxa2+ 49. Kg3 b5 {The position is equal.} 50. Bf4+ Ka8 51. h7 Bxh7 52. Rxh7 $11 {KRB-KR} a5 53. Kf3 b4 54. Ke3 b3 55. Kd3 a4 56. Rh5 Kb7 57. Kc3 Kc6 58. Ra5 Kb6 (58... b2 $5 59. Kc2 $8 a3 60. Rxa3 {[%mdl 64] Remove Defender} Rxa3 61. Kxb2 Rf3 $11) 59. Ra8 Rc2+ 60. Kb4 b2 61. Rb8+ Ka7 62. Ka3 Rc3+ 63. Kxb2 Rb3+ $1 64. Rxb3 axb3 65. Kxb3 {Accuracy: White = 61%, Black = 60%.} 1/2-1/2

[Event "Guimaraes Open 2019"]
[Site "Guimaraes"]
[Date "2019.08.28"]
[Round "1.18"]
[White "Pintor, Simao Maciel Abranch"]
[Black "Nieves Cabanes, Jose Manuel"]
[Result "0-1"]
[WhiteElo "2076"]
[BlackElo "2311"]
[Annotator "RC"]
[PlyCount "104"]
[EventDate "2019.08.28"]
[EventType "swiss"]
[EventCountry "POR"]
[SourceTitle "playchess.com"]
[Source "ChessBase"]
[SourceQuality "1"]
[TimeControl "5400+30"]

1. Nf3 {[%emt 0:00:00]} Nf6 {[%emt 0:00:12]} 2. g3 {[%emt 0:00:00]} b6 {[%emt 0:00:33]} 3. Bg2 {[%emt 0:00:00]} Bb7 {[%emt 0:00:02]} 4. b3 {[%emt 0:00:09]} c5 {[%emt 0:03:02]} 5. c4 {[%emt 0:00:10]} e6 {[%emt 0:00:39]} 6. O-O {[%emt 0:01:38]} Be7 {[%emt 0:02:47]} 7. Bb2 {[%emt 0:00:12]} O-O {[%emt 0:00:36]} 8. d4 {[%emt 0:03:00]} cxd4 {[%emt 0:00:27]} 9. Qxd4 {[%emt 0:00:10]} Nc6 {[%emt 0:01:37]} 10. Qf4 {[%emt 0:00:10]} d5 {[%emt 0:02:58]} 11. Rd1 {[%emt 0:08:26]} Qb8 {[%emt 0:06:56]} 12. Qxb8 {[%emt 0:10:15]} Raxb8 {[%emt 0:00:11]} 13. Na3 {[%emt 0:06:45]} Rfd8 {[%emt 0:06:47]} 14. cxd5 {[%emt 0:04:35]} Nxd5 {[%emt 0:02:52]} 15. Nc4 {[%emt 0:00:45]} f6 {[%emt 0:05:15]} 16. Rac1 {[%emt 0:11:47]} b5 {[%emt 0:02:29]} 17. Ncd2 {[%emt 0:00:06]} Ncb4 {[%emt 0:07:26]} 18. a3 {[%emt 0:15:49]} Na2 {[%emt 0:00:59]} 19. Rc2 {[%emt 0:00:38]} b4 {[%emt 0:09:49]} 20. axb4 {[%emt 0:04:36]} Ndxb4 {[%emt 0:00:32]} 21. Rc4 {[%emt 0:06:24]} Bd5 {[%emt 0:04:48]} 22. Rc7 {[%emt 0:00:26]} Bxb3 {[%emt 0:03:19]} 23. Rxe7 {[%emt 0:06:08]} Bxd1 {[%emt 0:00:29]} 24. Rxa7 {[%emt 0:03:58]} Bxe2 {[%emt 0:05:30]} 25. Bh3 {[%emt 0:02:07]} Rb6 {[%emt 0:06:33]} 26. Nd4 {[%emt 0:03:43]} e5 {[%emt 0:02:03]} 27. Be6+ {[%emt 0:01:42]} Kh8 {[%emt 0:01:56]} 28. Nxe2 {[%emt 0:04:30]} Rxe6 {[%emt 0:01:01]} 29. Ne4 {[%emt 0:01:14]} h5 {[%emt 0:01:58]} 30. h3 {[%emt 0:00:18]} Rc6 {[%emt 0:01:10]} 31. N2c3 {[%emt 0:04:19]} Nxc3 {[%emt 0:00:24]} 32. Bxc3 {[%emt 0:00:16]} Rc4 {[%emt 0:01:31]} 33. Bxb4 {[%emt 0:00:40]} Rxe4 {[%emt 0:00:18]} 34. Rb7 {[%emt 0:00:54]} Rd1+ {[%emt 0:00:25]} 35. Kg2 {[%emt 0:00:06]} Rb1 {[%emt 0:00:21]} 36. Rb8+ {[%emt 0:00:04]} Kh7 {[%emt 0:00:04]} 37. Bd6 {[%emt 0:00:04]} Rxb8 {[%emt 0:00:11]} 38. Bxb8 {[%emt 0:00:03]} Ra4 {[%emt 0:00:32]} 39. h4 {[%emt 0:00:19]} Kg6 {[%emt 0:00:44]} 40. Bd6 {[%emt 0:00:11]} Kf5 {[%emt 0:00:18]} 41. Bf8 {[%emt 0:00:07]} g6 {[%emt 0:00:27]} 42. Be7 {[%emt 0:00:27]} Ra6 {[%emt 0:01:29]} 43. Bc5 {[%emt 0:00:14]} Ke4 {[%emt 0:00:08]} 44. Be3 {[%emt 0:00:06]} Ra2 {[%emt 0:00:54]} 45. Bh6 {[%emt 0:00:09]} f5 {[%emt 0:03:01]} 46. Bg5 {[%emt 0:00:04]} f4 {[%emt 0:00:03]} 47. gxf4 {[%emt 0:00:13]} exf4 {[%emt 0:00:05]} 48. Be7 {[%emt 0:00:18]} f3+ {[%emt 0:00:49]} 49. Kg3 {[%emt 0:00:03]} Ra1 {[%emt 0:00:10]} 50. Bc5 {[%emt 0:00:27]} Rg1+ {[%emt 0:00:13]} 51. Kh2 {[%emt 0:00:17]} Rg2+ {[%emt 0:00:45]} 52. Kh3 {[%emt 0:00:07]} Kd3 {[%emt 0:00:15]} 0-1

[Event "Guimaraes Open 2019"]
[Site "Guimaraes"]
[Date "2019.08.28"]
[Round "1.18"]
[White "Pintor, Simao Maciel Abranch"]
[Black "Nieves Cabanes, Jose Manuel"]
[Result "*"]
[WhiteElo "2076"]
[BlackElo "2311"]
[Annotator "TA"]
[PlyCount "40"]
[EventDate "2019.08.28"]
[EventType "swiss"]
[EventCountry "POR"]
[SourceTitle "playchess.com"]
[Source "ChessBase"]
[SourceQuality "1"]

{[%evp 19,22,23,12,5,10]} 1. Nf3 Nf6 2. g3 b6 3. Bg2 Bb7 4. b3 c5 5. c4 e6 6. O-O Be7 7. Bb2 O-O 8. d4 cxd4 9. Qxd4 Nc6 10. Qf4 d5 11. Rd1 {A30: Symmetrical English: Double Fianchetto and Hedgehog} Qb8 {Predecessor:} 12. Ne5 $146 Bd6 13. Nxc6 Bxc6 14. Qh4 Be7 15. Nc3 Qb7 16. cxd5 Nxd5 17. Qc4 b5 18. Qd3 Rfd8 19. Nxd5 Bxd5 20. Bxd5 Rxd5 {½-½ (33) Melkumyan,H (2640)-Inarkiev,E (2730) Izmir 2016} *

[Event "Guimaraes Open 2019"]
[Site "Guimaraes"]
[Date "2019.08.28"]
[Round "1.19"]
[White "Garcia Moreno, Carlos"]
[Black "Hernandez Torralba, Jose Joaquin"]
[Result "1-0"]
[WhiteElo "2292"]
[BlackElo "2061"]
[Annotator "TA"]
[PlyCount "83"]
[EventDate "2019.08.28"]
[EventType "swiss"]
[EventCountry "POR"]
[SourceTitle "playchess.com"]
[Source "ChessBase"]
[SourceQuality "1"]

{[%evp 14,83,14,9,36,32,32,32,66,15,10,0,0,-8,-4,-18,0,-35,-38,-38,-8,-18,0,-85,0,-118,-42,-35,-32,-42,-21,-20,-27,-32,-32,-51,-62,-68,-62,-76,14,-47,0,0,0,0,0,0,72,0,0,-42,19,0,1145,1034,989,948,1216,902,970,943,5010,917,29988,1316,1316,1281,1281,1222,29994,29995]} 1. e4 c5 2. Nf3 Nc6 3. d4 cxd4 4. Nxd4 e6 5. Nc3 Qc7 6. Be2 Nf6 7. O-O Be7 8. Be3 O-O {B48: Sicilian: Taimanov: 5 Nc3 Qc7 6 Be3 a6 without Be2} 9. f4 (9. Ndb5 Qb8 10. f4 d6 11. Kh1 a6 12. Nd4 Qc7 13. Qe1 Nxd4 14. Bxd4 b5 15. a3 Bb7 16. Qg3 Rad8 17. Rae1 Qd7 18. Bd3 Nh5 19. Qg4 Nf6 20. Qg3 Nh5 21. Qg4 Nf6 22. Qg3 Nh5 23. Qg4 Nf6 24. Qg3 {½-½ (24) Andreikin,D (2712)-Grischuk,A (2772) Huaian 2017}) 9... d5 10. e5 {Ncb5 is the strong threat.} Nxd4 $146 {White is slightly better.} ({Predecessor:} 10... Nd7 11. Kh1 Nb6 12. Rb1 f6 13. exf6 Bxf6 14. Nxc6 Qxc6 15. Bd4 Nc4 16. Bxf6 Rxf6 {1-0 (33) Dubinina,A-Demeter,D Berekfurdo 2013}) 11. Bxd4 (11. Qxd4 $14 Nd7 12. Nb5) 11... Ne4 $11 12. Rf3 b6 13. Rh3 Bc5 14. Nb5 Qe7 15. Bd3 f5 16. Bxe4 fxe4 17. g3 $1 Ba6 18. Nd6 {[#]} (18. Bxc5 $1 $11 Qxc5+ {[%mdl 64] Double Attack} 19. Nd4) 18... Rad8 ({Don't play} 18... Bxd6 $6 19. exd6 Qf7 20. Rh4 $14) ({Black should try} 18... Be2 $1 $17 {[%cal Re2d1][%mdl 512]} 19. Qd2 (19. Qxe2 Bxd4+) 19... Qc7) 19. a4 {[#]} (19. Bxc5 $11 bxc5 20. Qg4 (20. Qh5 g6 $11)) 19... Bxd6 ({Better is} 19... Be2 $1 $17 {[%cal Re2d1][%mdl 512]} 20. Qd2 (20. Qxe2 Bxd4+) 20... Bxd4+ 21. Qxd4 g5) 20. exd6 $15 Rxd6 21. a5 Bb5 22. axb6 axb6 23. Qh5 h6 24. Rh4 {Hoping for Bxg7!} Be8 25. Qe2 Rc6 26. c3 {[#]} b5 (26... e5 $1 $17 {[%mdl 512]} 27. fxe5 (27. Bxe5 g5) 27... Qd7) 27. b4 (27. Rg4 $11 Rf7 28. Rg6) 27... Rf5 28. Ra8 $36 {[%mdl 2048] Threatens to win with Qg4! White is pushing.} Kh7 29. Qg4 {White wants to mate with Rxe8!} Rf8 {Strongly threatening ...Bh5!} 30. Ra7 Bd7 (30... Rc7 $11 {keeps the balance.} 31. Ra6 Rf5) 31. Qe2 ({White should play} 31. Qh3 $1 $16) 31... Rc4 32. Qe3 {With the idea Bc5.} Rfc8 (32... Rf7 $15) 33. Be5 Qe8 $2 {[%mdl 8192]} (33... Rf8 $11) 34. Rg4 g6 {[#]} 35. Rh4 $1 {[%mdl 512] f5! would kill now.} d4 36. Bxd4 h5 37. Qxe4 {Threatening mate with Rxh5+.} Kg8 {[#]} 38. Qe5 (38. Rxd7 $142 $1 {[%mdl 512]} Qxd7 39. Qxg6+ {[%mdl 64] Double Attack} Kf8 40. Rxh5) 38... Qe7 {[#]} 39. Qh8+ (39. f5 $142 $1 {[%mdl 512]} Rf8 (39... exf5 40. Qxe7) 40. Qh8+ Kf7 41. fxg6+ Ke8 42. g7 {[%mdl 64] Pin} Rxh8 {[%mdl 64] Remove Defender} 43. gxh8=Q+ Qf8 44. Qxh5+ Kd8 45. Bb6+ Ke7 46. Qg5+ Qf6 {[#]} 47. Bd8+ $1 {[%mdl 576] Skewer} Kd6 48. Bxf6 Bc8 49. Rxc4 Bb7 50. Rxb7 bxc4 51. Qc5#) 39... Kf7 $18 40. Qg7+ Ke8 41. Qxg6+ Kf8 42. Rxh5 {Accuracy: White = 30%, Black = 37%.} 1-0